000 00833nam1a22002531i 4500
001 rc\2647238
005 20260406142903.0
035 _a(NLR Aleph) 009036271
090 _a9521762
_c9521762
100 _a20110609d1929 |||y0rusy50 ca
101 0 _arus
102 _aRU
105 _a z |||||
200 1 _aСобрание сочинений
205 _a2-е изд.
210 _aМосква
_aЛенинград
_c"Земля и фабрика"
_d[1929]
215 _d20 см
300 _aВ кажд. томе прил.: Иностранная критика о Т. Драйзере
700 1 _8rus
_7ca
_aДрайзер
_bТ.
_f1871-1945
_gТеодор
_3RU\NLR\AUTH\773596
_9113591
801 0 _aRU
_bNLR
_gpsbo
801 1 _aRU
_bELAR
_2rusmarc
801 2 _aRU
_bNLR
_c20130208
_2rusmarc
852 _aNLR
_j73/296
942 _cBOOK